[Event "Chess24 Banter Blitz Cup"]
[Site "chess24.com INT"]
[Date "2020.04.15"]
[Round "7.9"]
[White "Carlsen, Magnus"]
[Black "Firouzja, Alireza"]
[Result "0-1"]
[WhiteElo "2876"]
[BlackElo "2702"]
[PlyCount "142"]
[EventDate "2019.09.25"]
[EventType "k.o. (blitz)"]
[EventRounds "7"]
[EventCountry "USA"]
[SourceTitle "CBM 195 Extra"]
[Source "ChessBase"]
[SourceDate "2020.05.31"]
[SourceVersion "1"]
[SourceVersionDate "2020.05.31"]
[SourceQuality "1"]

1. d4 Nf6 2. Nf3 d5 3. Bf4 e6 4. e3 Bd6 5. Bg3 c5 6. Nbd2 Qc7 7. dxc5 Qxc5 8.
c4 dxc4 9. Rc1 Bxg3 10. hxg3 O-O 11. Bxc4 Qb6 12. Bb3 Bd7 13. Nc4 Qb4+ 14. Qd2
Qxd2+ 15. Nfxd2 Na6 16. Nd6 Bc6 17. f3 Rfd8 18. N6c4 Nb4 19. Ke2 Bb5 20. a3 Nd3
21. Rc2 Rac8 22. Rd1 Nc5 23. Ba2 Ba4 24. b3 Bb5 25. Nb1 Rxd1 26. Kxd1 Nd5 27.
Nbd2 f5 28. Ke2 Kf8 29. e4 fxe4 30. fxe4 Nf6 31. Ke3 Ke7 32. Ne5 Kd6 33. Ndf3
Rc7 34. b4 Ncxe4 35. Rxc7 Kxc7 36. g4 h6 37. Bxe6 Kd6 38. Bf5 Nc3 39. Nf7+ Ke7
40. N7e5 Be8 41. Kd4 Nb5+ 42. Kc4 Nxa3+ 43. Kb3 Nb5 44. Bd3 Nd6 45. Kc3 Bd7 46.
g5 Nfe4+ 47. Kd4 Nxg5 48. Nxg5 hxg5 49. Nxd7 Kxd7 50. Kd5 Ne8 51. Bb5+ Ke7 52.
Ke5 Nd6 53. Bd3 Nf7+ 54. Kf5 g6+ 55. Ke4 Ke6 56. Kd4 Ne5 57. Be4 Kd6 58. Bd5 b6
59. Be4 Nd7 60. b5 Ne5 61. Bc2 Nd7 62. Bxg6 Nc5 63. Bc2 Ne6+ 64. Ke4 Ke7 65.
Ke5 Nc5 66. Be4 Nd7+ 67. Kf5 Nf6 68. Bc6 g4 69. g3 Ng8 70. Kg5 Nf6 71. Kf5 Kf7
0-1

[Event "Chess24 Banter Blitz Cup"]
[Site "chess24.com INT"]
[Date "2020.04.15"]
[Round "7.10"]
[White "Firouzja, Alireza"]
[Black "Carlsen, Magnus"]
[Result "1/2-1/2"]
[WhiteElo "2702"]
[BlackElo "2876"]
[PlyCount "69"]
[EventDate "2019.09.25"]
[EventType "k.o. (blitz)"]
[EventRounds "7"]
[EventCountry "USA"]
[SourceTitle "CBM 195 Extra"]
[Source "ChessBase"]
[SourceDate "2020.05.31"]
[SourceVersion "1"]
[SourceVersionDate "2020.05.31"]
[SourceQuality "1"]

1. e4 Nf6 2. e5 Nd5 3. d4 d6 4. Nf3 dxe5 5. Nxe5 g6 6. Bd3 Bg7 7. O-O O-O 8.
Re1 Nd7 9. Nf3 c5 10. c4 Nb4 11. d5 Nxd3 12. Qxd3 b5 13. cxb5 Nb6 14. Nc3 Bb7
15. Bg5 Nxd5 16. Na4 Nb6 17. Qxd8 Rfxd8 18. Nxc5 Bxf3 19. gxf3 Rd5 20. Bxe7
Bxb2 21. Rab1 Ba3 22. Na6 Bxe7 23. Rxe7 Rf5 24. Rb3 Nd5 25. Nc7 Nxe7 26. Nxa8
Rc5 27. b6 axb6 28. Nxb6 Nf5 29. Rb4 Rc3 30. a4 Ra3 31. Nc4 Ra2 32. Ne3 Nxe3
33. fxe3 Kg7 34. Rc4 g5 35. Rb4 1/2-1/2

[Event "Chess24 Banter Blitz Cup"]
[Site "chess24.com INT"]
[Date "2020.04.15"]
[Round "7.11"]
[White "Carlsen, Magnus"]
[Black "Firouzja, Alireza"]
[Result "1-0"]
[WhiteElo "2876"]
[BlackElo "2702"]
[PlyCount "57"]
[EventDate "2019.09.25"]
[EventType "k.o. (blitz)"]
[EventRounds "7"]
[EventCountry "USA"]
[SourceTitle "CBM 195 Extra"]
[Source "ChessBase"]
[SourceDate "2020.05.31"]
[SourceVersion "1"]
[SourceVersionDate "2020.05.31"]
[SourceQuality "1"]

1. e4 c5 2. Nf3 d6 3. d4 cxd4 4. Nxd4 Nf6 5. Nc3 a6 6. a3 e6 7. g4 h6 8. h4 Nc6
9. Rg1 h5 10. gxh5 Nxh5 11. Bg5 Qb6 12. Nb3 Bd7 13. Be2 g6 14. Qd2 Rc8 15. Be3
Qc7 16. O-O-O b5 17. f4 Na5 18. Nxa5 Qxa5 19. Bd4 Rh7 20. Kb1 b4 21. Na2 Nxf4
22. Qxf4 e5 23. Qf2 exd4 24. Nxb4 Rb8 25. h5 gxh5 26. Rg8 Qb6 27. Bc4 a5 28.
Nd3 Rg7 29. Rxg7 1-0

[Event "Chess24 Banter Blitz Cup"]
[Site "chess24.com INT"]
[Date "2020.04.15"]
[Round "7.12"]
[White "Firouzja, Alireza"]
[Black "Carlsen, Magnus"]
[Result "0-1"]
[WhiteElo "2702"]
[BlackElo "2876"]
[PlyCount "134"]
[EventDate "2019.09.25"]
[EventType "k.o. (blitz)"]
[EventRounds "7"]
[EventCountry "USA"]
[SourceTitle "CBM 195 Extra"]
[Source "ChessBase"]
[SourceDate "2020.05.31"]
[SourceVersion "1"]
[SourceVersionDate "2020.05.31"]
[SourceQuality "1"]

1. e4 e5 2. Nf3 Nc6 3. Bb5 Nf6 4. d3 d6 5. c3 Be7 6. O-O O-O 7. Nbd2 Re8 8. Re1
a6 9. Ba4 Bf8 10. Nf1 b5 11. Bb3 h6 12. Ng3 Be6 13. Bc2 d5 14. exd5 Bxd5 15.
Qe2 g6 16. h3 Bg7 17. Be3 Nd7 18. Bb3 Bxb3 19. axb3 f5 20. Nf1 Nf6 21. b4 Qd7
22. Qc2 Kh7 23. Bc5 Nd5 24. Ng3 Qf7 25. Ra3 a5 26. bxa5 Rxa5 27. Rxa5 Nxa5 28.
Nf1 Nb7 29. Be3 Nxe3 30. Nxe3 Nd6 31. Ra1 Rd8 32. Nd2 Rd7 33. Nb3 f4 34. Nf1 f3
35. g3 Qf5 36. Kh2 Nf7 37. Ne3 Qxd3 38. Qxd3 Rxd3 39. Ra7 Rd7 40. Nc5 Rd2 41.
Ne4 Rxb2 42. Rxc7 Ng5 43. Nf6+ Kh8 44. Rc8+ Bf8 45. Neg4 h5 46. h4 hxg4 47.
Nxg4 Kg7 48. hxg5 Be7 49. Rc7 Kf7 50. Nxe5+ Ke6 51. Ng4 Bxg5 52. Rc6+ Kf5 53.
Kh3 Bd2 54. Rc5+ Ke4 55. Re5+ Kd3 56. c4 bxc4 57. Rd5+ Ke2 58. Re5+ Kf1 59.
Nh2+ Kxf2 60. Ng4+ Kf1 61. Rd5 Bf4 62. Nh2+ Rxh2+ 63. Kxh2 f2 64. gxf4 Ke2 65.
Re5+ Kf3 66. f5 f1=Q 67. fxg6 Qg2# 0-1

[Event "Chess24 Banter Blitz Cup"]
[Site "chess24.com INT"]
[Date "2020.04.15"]
[Round "7.14"]
[White "Firouzja, Alireza"]
[Black "Carlsen, Magnus"]
[Result "1-0"]
[WhiteElo "2702"]
[BlackElo "2876"]
[PlyCount "73"]
[EventDate "2019.09.25"]
[EventType "k.o. (blitz)"]
[EventRounds "7"]
[EventCountry "USA"]
[SourceTitle "CBM 195 Extra"]
[Source "ChessBase"]
[SourceDate "2020.05.31"]
[SourceVersion "1"]
[SourceVersionDate "2020.05.31"]
[SourceQuality "1"]

1. e4 e5 2. Nc3 Nf6 3. Bc4 Nc6 4. d3 Na5 5. Bb3 Nxb3 6. axb3 d5 7. Nf3 dxe4 8.
Nxe5 exd3 9. O-O Be7 10. Nxd3 O-O 11. Qf3 c6 12. h3 Re8 13. Rd1 Be6 14. Be3 Qc7
15. Bf4 Qc8 16. Be5 Nd7 17. Bd4 b6 18. Ne4 c5 19. Bc3 f6 20. Nf4 Bf7 21. Rd2
Nf8 22. Rad1 Qc7 23. Qg3 Qc6 24. Nxf6+ Bxf6 25. Rd6 Qe4 26. Bxf6 Ng6 27. Nh5
Qxc2 28. Bxg7 Bxb3 29. Bc3 Re7 30. Nf6+ Kf7 31. Nxh7 Rae8 32. Ng5+ Kg8 33. Ne4
Qxe4 34. Rxg6+ Kf8 35. Rdd6 Rf7 36. Rgf6 Ke7 37. Rxf7+ 1-0

[Event "Chess24 Banter Blitz Cup"]
[Site "chess24.com INT"]
[Date "2020.04.15"]
[Round "7.15"]
[White "Carlsen, Magnus"]
[Black "Firouzja, Alireza"]
[Result "1-0"]
[WhiteElo "2876"]
[BlackElo "2702"]
[PlyCount "57"]
[EventDate "2019.09.25"]
[EventType "k.o. (blitz)"]
[EventRounds "7"]
[EventCountry "USA"]
[SourceTitle "CBM 195 Extra"]
[Source "ChessBase"]
[SourceDate "2020.05.31"]
[SourceVersion "1"]
[SourceVersionDate "2020.05.31"]
[SourceQuality "1"]

1. d4 Nf6 2. c4 e6 3. Nc3 Bb4 4. e3 O-O 5. Bd3 c5 6. Nge2 d5 7. cxd5 cxd4 8.
exd4 exd5 9. O-O h6 10. a3 Ba5 11. f3 Nc6 12. g4 Bb6 13. Bc2 Re8 14. Kh1 Nh7
15. Qd3 Nf8 16. Rg1 Ng6 17. Bd2 Be6 18. f4 Bd7 19. Raf1 Nf8 20. f5 Qh4 21. g5
Bc7 22. Bf4 Bxf4 23. Rxf4 Qh5 24. gxh6 Qxh6 25. Rfg4 Nh7 26. Rxg7+ Qxg7 27.
Rxg7+ Kxg7 28. Qg3+ Kh8 29. f6 1-0

[Event "London Classic 11th"]
[Site "London"]
[Date "2019.12.02"]
[Round "1.1"]
[White "Carlsen, Magnus"]
[Black "Vachier Lagrave, Maxime"]
[Result "1/2-1/2"]
[WhiteElo "2872"]
[BlackElo "2780"]
[Annotator "Edouard,R"]
[PlyCount "63"]
[EventDate "2019.12.02"]
[EventType "k.o."]
[EventRounds "2"]
[EventCountry "ENG"]
[SourceTitle "CBM 194"]
[Source "ChessBase"]
[SourceDate "2020.01.27"]
[SourceVersion "1"]
[SourceVersionDate "2020.01.27"]
[SourceQuality "1"]

1. e4 c5 2. Nf3 d6 3. d4 cxd4 4. Nxd4 Nf6 5. Nc3 a6 6. Bg5 e6 7. f3 $5 h6 8.
Be3 {An interesting idea, similar to another idea that Grischuk had used
several times against MVL: 6.Be3 Ng4 7.Bg5 h6 8.Bc1!?. Basically, the idea is
that in opposite castle attacks, Black's kingside might be more fragile if the
pawn stands on h6 instead of h7 (notably after White plays g4-g5).} b5 9. a3 $5
{A useful move, as Black is going to aim for ...b4 sooner or later.} Nbd7 10.
Qd2 Bb7 11. O-O-O (11. g4 $6 d5 $1 $15) 11... h5 $5 {A very logical move.
Maxime judged that his "extra tempo" ...h6 wasn't bringing anything positive
and went ...h5 just as if his pawn came from h7.} (11... Rc8 $5 {or 11...Be7!?
were two very natural options.}) ({Whereas} 11... d5 $6 12. exd5 Nxd5 13. Nxd5
Bxd5 14. Nf5 {looks very dangerous for Black.} (14. Kb1 $5)) 12. Kb1 Be7 13.
Qe1 $6 {A dubious one, as the game will prove.} (13. Rg1 $1 $146 {was Magnus'
improvement in their next encounter in this line... just two days later! See
annotations of Game 9 (rapid) of the match.}) 13... Rc8 14. Rg1 Qc7 15. g3 $6 (
15. Be2 d5 $132) 15... Ne5 (15... d5 $5 {could lead to crazy lines:} 16. Bf4 (
16. exd5 Nxd5 17. Nxd5 Bxd5 18. Nf5 $2 {fails to} Qxc2+ $19) 16... e5 17. exd5
Nxd5 18. Nxd5 Bxd5 19. Rg2 $5 (19. Bh3 O-O $1 20. Bxd7 Qxd7 21. Bxe5 Bc5 $44)
19... exf4 20. Nf5 Nf6 21. Re2 Be6 22. Nxg7+ Kf8 23. Nxe6+ fxe6 24. Bh3 Rd8 {
and Black should be at least no worse.}) 16. Rg2 {A fun manoeuvre, which I had
never seen in this exact setup. The rook on the second rank will proove useful.
On the other hand, this is far too slow in such a complex position.} O-O (16...
Nfd7 $5) 17. h3 d5 18. f4 Nc4 19. e5 (19. Bxc4 $6 dxc4 $17) 19... Nxe3 $1 {
MVL correctly judged that he should swap his knight for the dark-squared
bishop.} 20. Qxe3 Ne4 21. Nxe4 dxe4 22. Re2 ({A direct attack would just fail:
} 22. h4 $2 Rfd8 23. g4 Bc5 24. c3 (24. gxh5 Bxd4 25. Rxd4 Rxd4 26. Qxd4 e3 $1
27. Re2 Rd8 $19) 24... Bxd4 25. cxd4 hxg4 $17) 22... Bd5 $5 (22... Rfd8 23. Bg2
b4 $1 24. axb4 Bxb4 {would have given Black great compensation as well.}) 23.
Bg2 Qc4 24. Nb3 Bc5 $1 25. Nxc5 Qa2+ 26. Kc1 Rfd8 $1 {What a tactical
continuation! White should be very careful now.} 27. c4 $1 (27. Bxe4 {leads to
a draw:} Qa1+ 28. Kd2 Bxe4+ 29. Nd3 Qxb2 30. Qxe4 Rc4 31. Qf3 Qc3+ (31... Rxd3+
$5 32. Qxd3 Rd4 $11) 32. Ke3 Qd4+ $11) ({But} 27. c3 $4 {is bad due to} Qa1+
28. Kc2 Bb3+ $3 29. Kxb3 Qxd1+ 30. Ka2 Rxc5 $17) 27... bxc4 $3 (27... Bxc4 {
fails to} 28. Rxd8+ Rxd8 29. Rd2 $18) 28. Red2 (28. Na4 $5 {leads to
incredibly fun lines:} Bc6 $1 29. Rxd8+ Rxd8 30. Nc3 Qa1+ 31. Nb1 (31. Kc2 $4
Ba4+ 32. Nxa4 Qd1+ 33. Kc3 Qb3#) 31... Rd3 32. Qg1 Ba4 33. Bxe4 Bb3 34. Bxd3
cxd3 35. Re1 (35. Rd2 $2 Ba2 $17) 35... Ba2 36. Qd4 Qxb1+ 37. Kd2 Qc2+ 38. Ke3
Bd5 39. Qxd3 Qg2 {and Black should be able to make a draw.}) (28. b4 {is a
cute way to force a draw:} Qa1+ 29. Kc2 Qa2+ $11) 28... Qa1+ $5 (28... Rxc5 29.
Qxc5 Rb8 {was another good option:} 30. Bxe4 (30. Rc2 e3 $1 31. Qxe3 Bxg2 $17)
30... Bxe4 31. Rd8+ Rxd8 32. Rxd8+ Kh7 33. Qb4 Qb1+ 34. Kd2 Qc2+ 35. Ke1 $11)
29. Kc2 Qa2 30. Kc1 (30. Na4 $4 c3 $1 $19) 30... Qa1+ 31. Kc2 Qa2 32. Kc1 {
An unusual move repetition!} 1/2-1/2

[Event "London Classic 11th"]
[Site "London"]
[Date "2019.12.04"]
[Round "1.9"]
[White "Carlsen, Magnus"]
[Black "Vachier Lagrave, Maxime"]
[Result "0-1"]
[WhiteElo "2872"]
[BlackElo "2780"]
[Annotator "Edouard,R"]
[PlyCount "164"]
[EventDate "2019.12.02"]
[EventType "k.o."]
[EventRounds "2"]
[EventCountry "ENG"]
[SourceTitle "CBM 194"]
[Source "ChessBase"]
[SourceDate "2020.01.27"]
[SourceVersion "1"]
[SourceVersionDate "2020.01.27"]
[SourceQuality "1"]

1. e4 c5 2. Nf3 d6 3. d4 cxd4 4. Nxd4 Nf6 5. Nc3 a6 6. Bg5 e6 7. f3 h6 8. Be3
b5 9. a3 $5 Nbd7 10. Qd2 Bb7 11. O-O-O h5 12. Kb1 Be7 13. Rg1 $1 $146 {A huge
improvement on 13.Qe1, previously played by Carlsen.} Rc8 14. Be2 Nb6 (14...
Ne5 $5 {is definitely worth consideration.}) 15. Qe1 $1 {Now that move makes
sense - as White already threatens to push e5.} Nfd7 (15... Qc7 {definitely
makes sense too. A logical follow-up would be} 16. Qg3 Nc4 17. Bxc4 bxc4 {while
} 18. Qxg7 $2 {would allow} Rg8 19. Qh6 e5 $1 {with the idea} 20. Nf5 Rg6 21.
Qh8+ Kd7 $19) 16. g4 {Logical, once the knight is gone from f6 - so White can
recapture on g4 with his rook.} hxg4 17. Rxg4 Bf8 $6 {It is rarely very good
to set your pieces ready for the next game! Several moves lead to unclear
positions here.} (17... g6 $5 18. Rxg6 {(the move MVL admitted to have
overlooked beforehand)} Rxc3 $1 (18... e5 19. Qg1 $1 exd4 20. Bxd4 Rf8 21. e5 {
is also a mess, but could go wrong for Black}) (18... fxg6 $4 19. Nxe6 $18) 19.
Nxe6 (19. Qxc3 Na4 $1 20. Qd2 fxg6 21. Nxe6 Qc8 $13) 19... Qc8 $8 {And now the
engine suggests a fun drawing line:} 20. Ng7+ Kf8 21. Rh6 Rxh6 22. Bxh6 Rxc2
23. Nf5+ Ke8 24. Nxe7 Kxe7 25. Qh4+ f6 26. Bf4 Rxb2+ 27. Kxb2 Na4+ 28. Kb1 Nc3+
29. Kb2 Na4+ $11) (17... Rh7 $5 {also looks playable. Any time the queen
leaves its protection of the c3-knight, Black will sac on c3 and play ...Na4.})
(17... Kf8 $5 {also looks reasonable, if} 18. Qg3 {then} Nf6 $1 19. Rxg7 Nh5
20. Bh6 $8 Nxg3 21. Rh7+ Kg8 22. Rg7+ Kf8 $11 {is another fun draw!}) ({Even} 
17... g5 {is suggested by the engine, but it looks somewhat more suspicious.})
18. Rg2 {Not the most percussive move, although Black's position remains
unpleasant to play.} (18. Bg5 $1 Qc7 19. Rh4 {exchanging Black's very
important h8-rook (that had both an attacking and defensive role) was very
disturbing.}) 18... Ne5 19. f4 (19. Bc1 $5 {was an interesting way to wait for
Black to put a piece on the c-file, so ...Rxc3 becomes impossible.} Qc7 (19...
Nec4 $2 20. b3 $16) 20. Qg1 $1 Nbc4 21. b3 Nxa3+ 22. Bxa3 Qxc3 23. Rxg7 $1 $40)
19... Nec4 20. Bc1 Qc7 21. Bxc4 (21. Rd3 $5) 21... Nxc4 22. Rd3 g6 $5 {Black
needs to activate his f8-bishop!} 23. b3 Bg7 {It is important to keep the
tension. Retracting the c4-knight would allow Bb2, after which White would
have no attacking prospects.} (23... Nb6 24. Bb2) 24. Qd1 (24. bxc4 bxc4 {
(/\...Qb6+)} 25. Nxe6 $8 {(or 24.Nxe6 first)} fxe6 26. Rdg3 {would be another
critical line.}) 24... Qa5 $6 {Tempting but wrong.} ({Black had to play the
more quiet} 24... Qb6 {to "defend" the c4-knight.}) 25. f5 $2 {Bluff? But it
did work!} (25. Nxe6 $1 {was powerful:} fxe6 (25... Bxc3 26. bxc4 bxc4 27. Rxc3
Qxc3 28. Qxd6 $1 $18) 26. bxc4 $1 Bxc3 (26... bxc4 27. Rxd6 Qxc3 28. Rxe6+ Kf7
29. Qd7+ Kg8 30. Re5 $1 $18) 27. Rxd6 {and Black may survive the attack, but
will remain worse, e.g.} Rc6 28. Rxg6 Rxd6 29. Qxd6 Bc8 30. Qb8 Qd8 31. f5 bxc4
32. fxe6 Bxe6 33. Qxd8+ Kxd8 34. Rxe6 Rxh2 35. Bb2 $1 $16) 25... Ne5 $2 ({
Black should have taken the offered pawn with} 25... exf5 $1 {- after} 26. Re2
f4 $5 {it would be difficult for White to continue his attack.}) ({Of course
not} 25... Nxa3+ $2 26. Bxa3 Qxa3 27. fxg6 $40) 26. b4 (26. fxg6 {was strong
as well, if} Rxc3 27. gxf7+ Kxf7 {White has several wins, for example} 28.
Rxg7+ $1 Kxg7 29. Nxe6+ Kf7 30. Rxd6 $18) 26... Qb6 27. fxg6 $1 {After that
move, Black's position collapses. Maxime's best chance then was the clock:
with around 8 minutes vs. 3.} Nxg6 (27... Nxd3 28. gxf7+ Kxf7 29. Rxg7+ $1 Kxg7
30. Qg4+ {with a devastating attack.}) 28. Be3 {The easy option.} (28. Nxe6 {
was the hard one:} Bxc3 29. Rxd6 Rc6 (29... Bc6 30. Rxg6 $1 fxg6 31. Ng5 $5 $18
) 30. Rd8+ Ke7 31. Bg5+ {followed with Qd7#.}) 28... Bh6 29. Ndxb5 {Logical,
but not the strongest.} (29. Bg1 {was the simple option, keeping bishops alive.
}) (29. Nxe6 $1 {was again the hard one:} Bxe3 30. Rxd6 Rc6 (30... Bc6 31. Nd5
$18) 31. Rd8+ Ke7 32. Qd7+ Kf6 33. e5+ $1 {and mate to follow.}) 29... Bxe3 30.
Nxd6+ Ke7 31. Nxb7 $2 {Slowly Magnus is giving Black practical chances.} ({
The strongest move was pretty hard to find:} 31. Nxf7 $1 Kxf7 32. Rd7+ Kf6 33.
Qf3+ Bf4 34. Ne2 $1 e5 35. Nxf4 exf4 (35... Nxf4 36. Qg4 $18) 36. Rxb7 $1 Qxb7
37. e5+ {and wins.}) 31... Ne5 $5 {A good practical try.} ({After} 31... Qxb7
32. Rxe3 {Black wouldn't be without chances, but objectively he shouldn't be
able to prove compensation for the two pawns.}) 32. Rxe3 Nc4 $1 {That was the
idea behind 31...Ne5.} ({Of course not} 32... Qxe3 $2 33. Qd6+ Kf6 $2 34. Nd5#)
33. Rd3 $6 (33. Rf3 $1 Qxb7 34. Qd4 {would probably have finished off the game
quickly.}) 33... Qxb7 34. Na4 {White had other ways to defend the a3-pawn,
like 34.Qc1, but that one isn't bad.} Rhd8 35. Nc5 $4 {Finally a serious
mistake by White! Magnus blunders his two extra pawns in just one move.} (35.
Rxd8 Rxd8 36. Qe1 Nxa3+ 37. Ka2 {and White is just winning.}) 35... Rxd3 36.
Nxd3 (36. Qxd3 Rxc5 {was surely missed by the Norwegian.}) 36... Nxa3+ 37. Kc1
$2 ({Better was} 37. Ka2 Nb5 38. Qg4 Qxe4 {which is around equal.}) 37... Qxe4
{Suddenly, material is equal and White's king is in trouble!} 38. Rf2 Qe3+ $2 (
38... Qd4 $1 {would have won the game: White is defenseless against 39...Qa1+.}
) 39. Kb2 Nc4+ 40. Ka2 Nd6 41. Qh5 {The white king could escape and White is
more or less fine again.} Nf5 42. Re2 Qg1 43. Qf3 ({Of course not} 43. Qxf5 $4
Rxc2+ $1 {deflecting the white rook.}) 43... Qb6 44. Ne5 Qb5 {Black's position
remains much easier to play.} 45. c4 $2 (45. Qe4 $1 {was necessary.}) 45...
Qa4+ 46. Qa3 Qxa3+ 47. Kxa3 f6 {The c4-pawn falls and Black is technically
winning. What a turnover in game 9 of the match!} 48. Nd3 Rxc4 49. Nc5 Nd4 50.
Re4 a5 $5 51. Ka2 Rxb4 (51... axb4 $2 52. Nxe6 $1 {was the last trick to avoid.
}) 52. Nd3 Nb5 $1 {A cute way to exchange rooks.} 53. Rxb4 (53. Nxb4 Nc3+ $19)
53... axb4 54. Nxb4 f5 55. Kb2 Kf6 56. Kc2 Nd4+ 57. Kd3 Nf3 58. h3 e5 59. Ke3
Nh4 60. Nd5+ Kg5 61. Ne7 Ng6 62. Nc8 Nf4 {Black's technical has been
irreprochable. Now the h3-pawn falls as well.} 63. h4+ Kxh4 64. Ne7 Kg5 65. Kf3
Ng6 66. Nd5 e4+ 67. Ke3 Ne5 68. Kd4 Ng4 69. Nc7 Nh2 70. Ke3 Nf1+ 71. Kf2 Nd2
72. Ke3 Nc4+ 73. Kd4 Nd6 74. Ne6+ Kg4 75. Ke3 Kg3 76. Nd4 (76. Nf4 $2 Nc4+ $19)
76... f4+ 77. Ke2 Kg2 78. Ne6 f3+ 79. Ke3 Kg3 80. Nf4 Nc4+ $1 81. Kxe4 f2 82.
Ne2+ Kg4 0-1